000 01013nam a22002057a 4500
005 20240201120336.0
010 _aHIN-126662
020 _a9789393603869
_c695.00
035 _aHN-99008
037 _bDBAD/PUB
082 _a823.08
100 _aत्रिपाठी,हिमांगी
_961520
245 _aमार्कंडेय:व्याक्ति एवं कृतित्व/
_cहिमांगी त्रिपाठी
250 _a1
260 _aआगरा
_bलोकभारती प्रकाशन
_c 2023
270 _aपहली मंजिल,दरबारी बिल्डिंग महात्मा गाँधी मार्ग
_bप्रयागराज
_e211001
270 _a1-बी नेताजी सुभाष मार्ग दरियागंज
_bनई दिल्ली
_e110002
300 _a192पृ.;
_c23 सेमी.(सजिल्द)
942 _2ddc
_cHN
_h823.08
_mत्रिपाठी
999 _c200489
_d200489